Statistiques concernant Harry Potter: les Inferi

Cliquez ici pour prendre le quiz!

Statistiques générales

  • Ce quiz a été pris 23 fois
  • Le résultat moyen est 4 sur 5

Statistiques - réponses

InformationRéponses% Correct
StatutCadavre ensorcelé
100%
Première apparitionHarry Potter et le Prince de Sang-Mêlé
95%
Dernière apparitionHarry Potter et les Reliques de la Mort
95%
LocalisationCaverne de l'Horcruxe
71%
Point faibleFeu
57%

Distribution des résultats

Percentile par nombre de réponses

% des personnes avec chaque résultat

Votre développement - résultats

Vous n’avez pas pris ce quiz